00594cam a22002051 4500001001300000003000400013005001700017008004100034010001700075025001900092035002000111040001700131050001800148110005800166245004000224260002200264300004700286650003800333999001700371sa 67000377 DLC20260227112314.0841030s1965 ii ab 000 0 eng  asa 67000377  aPL480:I-E-7164 a(OCoLC)11329046 aDLCcWUdDLC00aHT169.I52bW41 aWest Bengal (India).bSiliguri Planning Organisation.10aInterim development plan, Siliguri. a[Calcutta]c1965. a53 p.billus., maps (1 fold. col.)c36 cm. 0aCity planningzIndiazSilīguri. c71946d71946